| 000 | 00706nam a22001337a 4500 | ||
|---|---|---|---|
| 999 |
_c533813 _d533813 |
||
| 008 | 260630b ||||| |||| 00| 0 eng d | ||
| 100 |
_aKhan, Md. Farijuddin _961445 |
||
| 245 | _aJapan’s role in Myanmar crisis | ||
| 260 | _aThird Concept | ||
| 300 | _a40(472), Jun, 2026: p.12-16 | ||
| 520 | _aThis article examines Japan’s evolving strategy in Myanmar amid rising Chinese influence and ongoing internal conflict following the 2021 coup. Contrasting with western stations. Japan maintains economic ties and humanitarian aid, leveraging historical and diplomatic relationships to balance democratic values, with regional interest. – Reproduced | ||
| 773 | _aThird Concept | ||
| 942 | _cAR | ||